[Event "XXXII Festival A"]
[Site "Arco ITA"]
[Date "2010.10.19"]
[Round "4"]
[White "Moratto, Davide"]
[Black "Roversi, Stefano"]
[Result "1-0"]
[WhiteElo "1854"]
[BlackElo "1859"]
[PlyCount "85"]
[EventDate "2010.10.16"]

1. e4 c5 2. Nf3 Nc6 3. d4 cxd4 4. Nxd4 a6 5. Nc3 e6 6. Nxc6 bxc6 7. Bd3 Qc7 8.
Be3 d5 9. Ne2 Nf6 10. exd5 cxd5 11. c3 Bd6 12. Qa4+ Bd7 13. Qh4 O-O 14. O-O Bb5
15. Rfd1 Bxd3 16. Rxd3 Ne4 17. Rad1 f5 18. Nd4 Rf6 19. f3 Nc5 20. Bg5 Nxd3 21.
Bxf6 gxf6 22. Rxd3 Qc4 23. Rd1 Rf8 24. Kh1 Be5 25. Qf2 Re8 26. f4 Bxd4 27. Qxd4
Qxa2 28. Qxf6 Qxb2 29. h3 a5 30. Kh2 a4 31. Rd3 Qf2 32. Rg3+ Qxg3+ 33. Kxg3 a3
34. c4 dxc4 35. Kf3 a2 36. Ke3 e5 37. Qa6 exf4+ 38. Kxf4 Re2 39. Qxc4+ Kf8 40.
Qc8+ Ke7 41. Qc5+ Ke8 42. Qb5+ Ke7 43. Qxe2+ 1-0

[Event "XXXII Festival A"]
[Site "Arco ITA"]
[Date "2010.10.19"]
[Round "4"]
[White "Morselli, Stefano"]
[Black "Klings, Peter"]
[Result "0-1"]
[WhiteElo "1924"]
[BlackElo "2185"]
[PlyCount "72"]
[EventDate "2010.10.16"]

1. Nf3 g6 2. e4 Bg7 3. d4 d6 4. Bc4 Nf6 5. Qe2 O-O 6. e5 Ne8 7. e6 d5 8. exf7+
Rxf7 9. Bb3 Bg4 10. Nbd2 c5 11. h3 Bxf3 12. Nxf3 c4 13. Bxc4 dxc4 14. Ng5 Qd5
15. Nxf7 Qxf7 16. c3 Nc6 17. O-O Nd6 18. Be3 Qd5 19. Rfe1 Rf8 20. Rad1 b5 21.
Bc1 a5 22. Qe6+ Qxe6 23. Rxe6 Rf7 24. Rde1 Bf8 25. Bg5 Rf5 26. Bd2 Kf7 27. f3
Bg7 28. Kf2 Bf6 29. g4 Bh4+ 30. Kg2 Bxe1 31. Rxe1 Rd5 32. h4 e5 33. Be3 exd4
34. cxd4 b4 35. Rc1 Nxd4 36. Rd1 Nc2 0-1

[Event "XXXII Festival A"]
[Site "Arco ITA"]
[Date "2010.10.19"]
[Round "4"]
[White "Mulone, Gaspare"]
[Black "Antoniacci, Riccardo"]
[Result "0-1"]
[WhiteElo "1708"]
[BlackElo "1923"]
[PlyCount "89"]
[EventDate "2010.10.16"]

1. e4 c5 2. Nf3 Nc6 3. d4 cxd4 4. Nxd4 g6 5. Nxc6 bxc6 6. Nd2 Bg7 7. Nf3 Nf6 8.
Bd3 d5 9. exd5 cxd5 10. Bb5+ Bd7 11. Bxd7+ Qxd7 12. O-O O-O 13. Rb1 Ne4 14. Be3
e5 15. c3 Rfd8 16. Qe2 f5 17. Rfd1 f4 18. Bd2 Qg4 19. Nd4 Qxe2 20. Nxe2 Rab8
21. f3 Nc5 22. Be1 g5 23. Bf2 Rbc8 24. Rd2 e4 25. Bxc5 Rxc5 26. fxe4 Ra5 27. a3
Rc5 28. Rbd1 Kf7 29. Rxd5 Rcxd5 30. Rxd5 Rxd5 31. exd5 Ke7 32. b4 Kd6 33. c4
Bb2 34. a4 Ba3 35. b5 Kc5 36. Nc3 Kxc4 37. Ne4 Be7 38. d6 Bd8 39. Kf2 g4 40. d7
Kd5 41. Nc3+ Ke5 42. Ne2 h5 43. Nc1 Kd4 44. Nb3+ Kc4 45. Na5+ 0-1

[Event "XXXII Festival A"]
[Site "Arco ITA"]
[Date "2010.10.19"]
[Round "4"]
[White "Mumelter, Igor"]
[Black "Moncelli, Giorgio"]
[Result "0-1"]
[WhiteElo "1839"]
[BlackElo "2089"]
[PlyCount "94"]
[EventDate "2010.10.16"]

1. e4 c5 2. Nf3 e6 3. b3 Nc6 4. Bb2 a6 5. g3 d6 6. Bg2 Nf6 7. Qe2 Be7 8. O-O
O-O 9. c3 Qc7 10. d4 e5 11. Na3 b5 12. d5 Nd8 13. Nc2 Ne8 14. Ne3 g6 15. Nd2
Ng7 16. f4 f6 17. fxe5 fxe5 18. Rxf8+ Bxf8 19. Rf1 Nf7 20. Ng4 Nh5 21. Bf3 Ra7
22. Ne3 Nf6 23. Ng4 Ne8 24. Ne3 h5 25. Ng2 Bh3 26. Rf2 Nf6 27. Nh4 Kh7 28. Bg2
Bg4 29. Bf3 Bh6 30. Bxg4 Nxg4 31. Rf1 Qe7 32. h3 Ne3 33. Rf3 Qg5 34. Qf2 Kg7
35. Nf1 Nd1 36. Qe2 Nxb2 37. Qxb2 Qc1 38. Qg2 Ng5 39. Rd3 Rf7 40. Nf3 Nxe4 41.
Kh2 c4 42. bxc4 bxc4 43. Rd2 Nxd2 44. N1xd2 Bxd2 45. Nxd2 Qxc3 46. Ne4 Qd4 47.
h4 Qxd5 0-1

[Event "XXXII Festival A"]
[Site "Arco ITA"]
[Date "2010.10.19"]
[Round "4"]
[White "Naegele, Raimund"]
[Black "Vaselli, Luciano"]
[Result "1-0"]
[WhiteElo "1817"]
[BlackElo "1732"]
[PlyCount "63"]
[EventDate "2010.10.16"]

1. d4 Nf6 2. Nf3 d5 3. e3 Bf5 4. c4 e6 5. Qb3 Qc8 6. Nc3 c6 7. Bd2 Nbd7 8. Rc1
Qb8 9. cxd5 exd5 10. g3 Bd6 11. Na4 Ne4 12. Bb4 O-O 13. Bxd6 Nxd6 14. Bg2 Be4
15. O-O f5 16. Nc3 Bxf3 17. Bxf3 Rf7 18. Bg2 Nf6 19. Qc2 Qe8 20. Rfe1 Re7 21.
h3 Qf7 22. b3 Kh8 23. Nd1 Nde4 24. Bxe4 Nxe4 25. Nb2 Ng5 26. Kg2 Rf8 27. h4 Ne4
28. Nd3 Qf6 29. Ne5 Rxe5 30. dxe5 Qxe5 31. Qd3 Nc5 32. Rxc5 1-0

[Event "XXXII Festival A"]
[Site "Arco ITA"]
[Date "2010.10.19"]
[Round "4"]
[White "Pajcin, Jovan"]
[Black "Tomassoni, Leonardo"]
[Result "0-1"]
[WhiteElo "1869"]
[BlackElo "1935"]
[PlyCount "96"]
[EventDate "2010.10.16"]

1. e4 c5 2. Nf3 d6 3. d4 cxd4 4. Nxd4 Nf6 5. Nc3 a6 6. a4 g6 7. Bc4 Bg7 8. O-O
O-O 9. Kh1 Qc7 10. Bb3 e6 11. Be3 Nbd7 12. Bxe6 Re8 13. Bxd7 Bxd7 14. f3 d5 15.
Qd3 dxe4 16. fxe4 Bc6 17. Bf4 Qd7 18. Nxc6 Qxc6 19. Rae1 Rad8 20. Qf3 Rd7 21.
Bg5 Re6 22. e5 Qxf3 23. gxf3 Nh5 24. Rd1 Rxd1 25. Rxd1 h6 26. Be3 Rxe5 27. Bd4
Rf5 28. Bxg7 Kxg7 29. Kg2 Nf4+ 30. Kf2 Rg5 31. Ne4 Rg2+ 32. Ke3 Ne6 33. Rd2
Rxd2 34. Nxd2 f5 35. a5 h5 36. Nc4 Kf6 37. Nd6 Ke7 38. Nxb7 Kd7 39. b4 Kc6 40.
Nc5 Nxc5 41. bxc5 Kxc5 42. Kf4 Kb5 43. Kg5 Kxa5 44. Kxg6 Kb5 45. Kxh5 a5 46.
Kg6 a4 47. h4 a3 48. h5 a2 0-1

[Event "XXXII Festival A"]
[Site "Arco ITA"]
[Date "2010.10.19"]
[Round "4"]
[White "Panarello, Giuseppe"]
[Black "Panjkovic, Aleksandar"]
[Result "0-1"]
[WhiteElo "1925"]
[BlackElo "2137"]
[PlyCount "82"]
[EventDate "2010.10.16"]

1. Nf3 d6 2. g3 e5 3. e4 Be7 4. Bg2 Nc6 5. d3 h5 6. h4 Bg4 7. c3 Qd7 8. Nbd2 f5
9. Qb3 O-O-O 10. Nh2 f4 11. Nxg4 hxg4 12. Nf3 Kb8 13. Nd2 g5 14. h5 Nf6 15. h6
Bf8 16. a4 Rxh6 17. Rxh6 Bxh6 18. a5 a6 19. Qa4 Na7 20. Qxd7 Rxd7 21. b4 Rh7
22. Bb2 Bg7 23. O-O-O Rh2 24. Rg1 Nc6 25. Nf1 Rh6 26. Nd2 Nh5 27. Bf1 Nf6 28.
Kd1 Kc8 29. Be2 f3 30. Bf1 Kd7 31. Bc1 d5 32. exd5 Nxd5 33. Ne4 Rh5 34. Bd2 b6
35. axb6 cxb6 36. Kc2 Bf6 37. c4 Ndxb4+ 38. Bxb4 Nxb4+ 39. Kb3 Be7 40. Kc3 Nc6
41. Nd2 Bb4+ 0-1

[Event "XXXII Festival A"]
[Site "Arco ITA"]
[Date "2010.10.19"]
[Round "4"]
[White "Pedrotti, Luciano"]
[Black "Giancotti, Eraldo"]
[Result "0-1"]
[WhiteElo "1833"]
[BlackElo "2062"]
[PlyCount "170"]
[EventDate "2010.10.16"]

1. e4 c5 2. Nf3 e6 3. c3 d5 4. exd5 Qxd5 5. d4 Nf6 6. Nbd2 Nc6 7. Qb3 cxd4 8.
cxd4 Be7 9. Be2 O-O 10. O-O Nxd4 11. Nxd4 Qxd4 12. Nf3 Qb4 13. Qc4 Qxc4 14.
Bxc4 b6 15. Bg5 Bb7 16. Ne5 Rac8 17. Rac1 Rfd8 18. b3 h6 19. Be3 Nd5 20. Bxd5
Bxd5 21. Rxc8 Rxc8 22. Rc1 Rxc1+ 23. Bxc1 f6 24. Nd3 Kf7 25. f3 e5 26. Kf1 Bd6
27. h3 g5 28. Kf2 f5 29. g3 e4 30. fxe4 Bxe4 31. Ne1 Bc5+ 32. Kf1 Kf6 33. Ke2
Ke5 34. Nd3+ Bxd3+ 35. Kxd3 Bf2 36. Bb2+ Kd5 37. g4 f4 38. Bg7 Bh4 39. Bxh6 f3
40. Bg7 f2 41. Ke2 Ke4 42. Bf8 f1=Q+ 43. Kxf1 Kd3 44. b4 Kc2 45. a4 Kb3 46. a5
b5 47. Ke2 a6 48. Bd6 Kc4 49. Bc5 Bg3 50. Ke3 Be1 51. Be7 Bxb4 52. Bxg5 Bxa5
53. Bf6 Kd5 54. g5 Ke6 55. Ke4 Be1 56. Kd4 Bf2+ 57. Ke4 a5 58. Bd4 Be1 59. Kd3
Kf5 60. Bf6 a4 61. Be7 Kg6 62. Bf6 Bh4 63. Kc2 Bxg5 64. Bb2 Be7 65. Kb1 Kh5 66.
Ka2 Kh4 67. Bd4 Kxh3 68. Be5 Kg4 69. Bd4 Kf4 70. Bg7 Ke4 71. Kb2 Bc5 72. Ka2
Kd3 73. Bf6 Kc2 74. Be5 b4 75. Bf6 b3+ 76. Ka1 Bb4 77. Be5 Bc3+ 78. Bxc3 Kxc3
79. Kb1 b2 80. Ka2 Kc2 81. Ka3 b1=Q 82. Kxa4 Kc3 83. Ka5 Kc4 84. Ka6 Kc5 85.
Ka7 Kc6 0-1

[Event "XXXII Festival A"]
[Site "Arco ITA"]
[Date "2010.10.19"]
[Round "4"]
[White "Pistone, Salvatore"]
[Black "De Simone Sorrentino, Fabio"]
[Result "0-1"]
[WhiteElo "1725"]
[BlackElo "1711"]
[PlyCount "62"]
[EventDate "2010.10.16"]

1. e4 e6 2. Nf3 d5 3. exd5 exd5 4. d4 Bd6 5. Be2 Ne7 6. O-O O-O 7. Re1 Re8 8.
b3 Nd7 9. Bb2 Nf8 10. Nbd2 Nfg6 11. c4 c6 12. a3 Nf5 13. cxd5 cxd5 14. Bb5
Rxe1+ 15. Qxe1 Bd7 16. Bxd7 Qxd7 17. Ne5 Qe6 18. Ndf3 h6 19. Qd2 Nfh4 20. Re1
Qf5 21. Nxh4 Nxh4 22. g3 Bxe5 23. gxh4 Bf4 24. Qe2 Qh3 25. f3 Qxh4 26. Bc3 Rc8
27. Bb4 Kh7 28. Kh1 Rc6 29. Rg1 Qh5 30. Qd3+ Kg8 31. Qe2 Re6 0-1

[Event "XXXII Festival A"]
[Site "Arco ITA"]
[Date "2010.10.19"]
[Round "4"]
[White "Prelati, Maurizio"]
[Black "Hilbenz, Guntram"]
[Result "1-0"]
[WhiteElo "2111"]
[BlackElo "1912"]
[PlyCount "61"]
[EventDate "2010.10.16"]

1. e4 d6 2. d4 Nf6 3. Nc3 e5 4. dxe5 dxe5 5. Qxd8+ Kxd8 6. Bc4 Be6 7. Bxe6 fxe6
8. Nge2 Nc6 9. Bg5 a6 10. O-O-O+ Bd6 11. f3 Ke7 12. a3 b5 13. Nb1 Rhb8 14. b3
Na5 15. Bd2 b4 16. axb4 Bxb4 17. Bxb4+ Rxb4 18. Rd3 c5 19. Na3 c4 20. Nxc4 Nxc4
21. bxc4 Rxc4 22. Rc3 Rxc3 23. Nxc3 Kd6 24. Rd1+ Kc7 25. Rd3 Nd7 26. Na4 Rb8
27. Ra3 Rb4 28. c3 Rb7 29. Kc2 Rb5 30. Nb2 Nb8 31. Nd3 1-0

[Event "XXXII Festival A"]
[Site "Arco ITA"]
[Date "2010.10.19"]
[Round "4"]
[White "Prezzi, Adriano"]
[Black "Pegoraro, Nicola"]
[Result "1-0"]
[WhiteElo "1682"]
[BlackElo "1975"]
[PlyCount "55"]
[EventDate "2010.10.16"]

1. d4 f5 2. g3 Nf6 3. c4 g6 4. Bg2 Bg7 5. Nc3 O-O 6. Nf3 d6 7. O-O Qe8 8. Re1
Qf7 9. Qb3 h6 10. e4 fxe4 11. Nxe4 Nc6 12. d5 Nxe4 13. Rxe4 Bf5 14. Rf4 Ne5 15.
Nd4 Nd3 16. Rxf5 gxf5 17. Qxd3 Bxd4 18. Qxd4 Qf6 19. Qxf6 Rxf6 20. Be3 e6 21.
f4 e5 22. fxe5 dxe5 23. Rf1 Kg7 24. a3 Kg6 25. b4 Rd8 26. a4 h5 27. h4 e4 28.
Bg5 1-0

[Event "XXXII Festival A"]
[Site "Arco ITA"]
[Date "2010.10.19"]
[Round "4"]
[White "Riepma, Henk"]
[Black "Molnar, Bela"]
[Result "1/2-1/2"]
[WhiteElo "2079"]
[BlackElo "2330"]
[PlyCount "40"]
[EventDate "2010.10.16"]

1. f4 d5 2. Nf3 Nf6 3. e3 Bg4 4. Be2 Nbd7 5. O-O c6 6. b3 e6 7. Bb2 Bd6 8. d4
O-O 9. Nbd2 a5 10. a3 Qe7 11. Ne5 Bxe2 12. Qxe2 Ne4 13. Nxe4 dxe4 14. Nxd7 Qxd7
15. c4 Qe7 16. a4 f5 17. Rad1 Rfb8 18. Bc3 Bb4 19. Bb2 Ba3 20. Bc3 Bb4 1/2-1/2

[Event "XXXII Festival A"]
[Site "Arco ITA"]
[Date "2010.10.19"]
[Round "4"]
[White "Roessner, Uwe"]
[Black "Zangrando, Gianpietro"]
[Result "1/2-1/2"]
[WhiteElo "1902"]
[BlackElo "1822"]
[PlyCount "60"]
[EventDate "2010.10.16"]

1. g3 d5 2. Nf3 Nf6 3. Bg2 Bf5 4. O-O e6 5. b3 Bd6 6. Bb2 Nbd7 7. d3 O-O 8. c4
c6 9. Nbd2 Qc7 10. Rc1 Rfc8 11. Rc2 a5 12. a3 Bf8 13. Qa1 h6 14. Rfc1 Qb6 15.
cxd5 exd5 16. Bd4 Qa6 17. Qb2 Re8 18. Bf1 Bh7 19. Ne5 Nxe5 20. Bxe5 Bxa3 21.
Qxa3 Rxe5 22. Nf3 Ree8 23. Ra1 Qb6 24. Qc5 Qxc5 25. Rxc5 Ra6 26. Rcxa5 Rb6 27.
Rb1 Bf5 28. Nd4 Bg4 29. b4 Nd7 30. Raa1 Kf8 1/2-1/2

[Event "XXXII Festival A"]
[Site "Arco ITA"]
[Date "2010.10.19"]
[Round "4"]
[White "Rotoni, Matteo"]
[Black "Nicolodi, Raoul"]
[Result "1-0"]
[WhiteElo "2132"]
[BlackElo "1939"]
[PlyCount "87"]
[EventDate "2010.10.16"]

1. e4 e6 2. d4 d5 3. e5 c5 4. c3 Nc6 5. Nf3 Qb6 6. Be2 Nh6 7. Bd3 cxd4 8. cxd4
Nf5 9. Bxf5 exf5 10. Nc3 Be6 11. Ne2 Bb4+ 12. Kf1 O-O 13. Nf4 Rae8 14. h4 Rc8
15. Be3 Na5 16. Ng5 Be7 17. Qh5 h6 18. Nfxe6 fxe6 19. Qg6 Bxg5 20. hxg5 Qb5+
21. Kg1 Qe8 22. Qxe8 Rfxe8 23. gxh6 gxh6 24. Rxh6 Nc4 25. Bg5 Rc7 26. Bf6 Rh7
27. Rxh7 Kxh7 28. Rc1 Rc8 29. Rc3 Nb6 30. Rh3+ Kg6 31. Rg3+ Kh6 32. Rg7 Rc1+
33. Kh2 Rc4 34. Rxb7 Rxd4 35. Rxa7 Rb4 36. b3 d4 37. Re7 d3 38. Rxe6 Rd4 39.
Bd8+ Kh5 40. Bxb6 d2 41. Bxd4 d1=Q 42. Be3 f4 43. Bxf4 Qd4 44. Rh6+ 1-0

[Event "XXXII Festival A"]
[Site "Arco ITA"]
[Date "2010.10.19"]
[Round "4"]
[White "Sautto, Alessandra"]
[Black "Bondielli, Giorgio"]
[Result "1/2-1/2"]
[WhiteElo "1955"]
[BlackElo "1880"]
[PlyCount "80"]
[EventDate "2010.10.16"]

1. d4 f5 2. Nc3 Nf6 3. Bg5 d5 4. Bxf6 exf6 5. e3 Be6 6. Nh3 Bd6 7. Bd3 Nc6 8.
a3 Qd7 9. Nb5 O-O-O 10. Nxd6+ Qxd6 11. Qf3 Ne7 12. Nf4 Kb8 13. Nxe6 Qxe6 14.
O-O-O g6 15. h3 h5 16. h4 Nc8 17. Rh3 Nd6 18. Rg3 Rhg8 19. Re1 Ne4 20. Bxe4
Qxe4 21. Qxe4 fxe4 22. f4 Rd7 23. Rf1 Rdg7 24. Kd2 Kc8 25. Ke2 Kd7 26. Rh1 Ke6
27. Rgh3 Kf5 28. Rg3 b6 29. Rd1 Ke6 30. c4 c6 31. cxd5+ cxd5 32. Rc1 Kd6 33.
Rh3 Rc7 34. Rxc7 Kxc7 35. Rg3 Kd6 36. Rh3 Ke6 37. Rh1 Rc8 38. Kd2 Kf5 39. Rh3
Kg4 40. Kd1 Rc6 1/2-1/2

[Event "XXXII Festival A"]
[Site "Arco ITA"]
[Date "2010.10.19"]
[Round "4"]
[White "Savarese, Vincenzo"]
[Black "Kern, Beat"]
[Result "1-0"]
[WhiteElo "1808"]
[BlackElo "1668"]
[PlyCount "37"]
[EventDate "2010.10.16"]

1. e4 c6 2. d4 d5 3. exd5 cxd5 4. c4 dxc4 5. Bxc4 e6 6. Nf3 Nf6 7. Nc3 Be7 8.
O-O Qc7 9. Bb3 a6 10. Be3 O-O 11. Rc1 Qd8 12. Ne5 Bd7 13. Qf3 Bc6 14. Qh3 Bd5
15. Bc2 Nbd7 16. Nxd5 exd5 17. Nxd7 Qxd7 18. Bxh7+ Kh8 19. Bf5+ 1-0

[Event "XXXII Festival A"]
[Site "Arco ITA"]
[Date "2010.10.19"]
[Round "4"]
[White "Savinova, Yulia"]
[Black "Thonig, Manfred"]
[Result "0-1"]
[WhiteElo "1820"]
[BlackElo "1607"]
[PlyCount "118"]
[EventDate "2010.10.16"]

1. d4 e6 2. g3 f5 3. Bg2 Nf6 4. Nf3 d5 5. O-O Bd6 6. Nbd2 O-O 7. c4 c6 8. c5
Bc7 9. b4 Ne4 10. Qc2 Nd7 11. Nb3 Qe8 12. Ng5 Qg6 13. Nh3 Ndf6 14. Nf4 Bxf4 15.
Bxf4 Nh5 16. e3 Bd7 17. f3 Nxf4 18. fxe4 Nxg2 19. Qxg2 dxe4 20. Na5 b5 21. cxb6
axb6 22. Nc4 Qg5 23. Qd2 b5 24. Ne5 Be8 25. Rf4 Ra3 26. Rc1 Ra6 27. Qb2 Qe7 28.
a3 g5 29. Rf2 Rf6 30. Rcf1 Qg7 31. Qb3 Bf7 32. Qc3 Be8 33. Qc1 Qa7 34. Ra2 Rf8
35. Rff2 h6 36. h4 g4 37. Rfc2 Kg7 38. Nxc6 Bxc6 39. Rxc6 Kf6 40. Rxa6 Qxa6 41.
Qc5 Rc8 42. Qe5+ Kf7 43. d5 Qb6 44. dxe6+ Qxe6 45. Qb2 Qd6 46. Qf2 Rc1+ 47. Kh2
Ke6 48. Rd2 Qc7 49. Qe2 Qc3 50. Kg2 Qa1 51. Qf2 Qc3 52. Qe2 h5 53. Qf2 Qc7 54.
Kh2 Qc3 55. Qe2 Qa1 56. Qf2 Rh1+ 57. Kg2 Rh3 58. Qg1 Rxg3+ 59. Kxg3 Qxg1+ 0-1

[Event "XXXII Festival A"]
[Site "Arco ITA"]
[Date "2010.10.19"]
[Round "4"]
[White "Savoia, Sergio"]
[Black "Pretto, Aldo"]
[Result "1-0"]
[WhiteElo "1909"]
[BlackElo "1741"]
[PlyCount "67"]
[EventDate "2010.10.16"]

1. e4 e5 2. Nf3 d6 3. d4 exd4 4. Nxd4 Nf6 5. Nc3 Be7 6. Be2 O-O 7. O-O Re8 8.
f4 d5 9. e5 Ne4 10. Nxe4 dxe4 11. Nb5 Bc5+ 12. Kh1 Qe7 13. Nc3 Rd8 14. Qe1 Bb4
15. a3 Bxc3 16. Qxc3 b6 17. b4 Bb7 18. Bb2 Nd7 19. Bc4 Nf8 20. f5 Qg5 21. Qh3
Bd5 22. Bc1 Qe7 23. Bxd5 Rxd5 24. Bf4 Nd7 25. f6 Qe8 26. Rae1 Rd4 27. Qg3 g6
28. Qe3 c5 29. h4 Rd8 30. g4 Nxe5 31. Bxe5 Rd2 32. Qxe4 Qd7 33. Bc3 Qd5 34.
Bxd2 1-0

[Event "XXXII Festival A"]
[Site "Arco ITA"]
[Date "2010.10.19"]
[Round "4"]
[White "Siebrecht, Sebastian"]
[Black "Welz, Peter"]
[Result "1/2-1/2"]
[WhiteElo "2421"]
[BlackElo "2156"]
[PlyCount "134"]
[EventDate "2010.10.16"]

1. d4 f5 2. g3 Nf6 3. Bg2 g6 4. c4 Bg7 5. Nc3 O-O 6. Nf3 d6 7. O-O Nc6 8. d5
Ne5 9. Nxe5 dxe5 10. Qb3 h6 11. Rd1 g5 12. Bd2 Kh8 13. Rac1 Rb8 14. Be1 a6 15.
c5 e4 16. Na4 Qe8 17. d6 exd6 18. cxd6 cxd6 19. Rxd6 f4 20. Nb6 Bf5 21. Rc7 Qh5
22. Bc3 Qxe2 23. Bf1 Qh5 24. Rxg7 Kxg7 25. Nd5 e3 26. fxe3 fxg3 27. hxg3 Be4
28. Bxf6+ Rxf6 29. Rxf6 Qh1+ 30. Kf2 Bxd5 31. Qc3 Rf8 32. Rf5+ Kg8 33. Rxf8+
Kxf8 34. Qf6+ Ke8 35. Qe5+ Kd8 36. Bd3 Qf3+ 37. Ke1 Bxa2 38. Qa5+ Kc8 39. Qxa2
Qxe3+ 40. Be2 Qxg3+ 41. Kd1 Qg1+ 42. Kc2 Qc5+ 43. Kb1 Qg1+ 44. Kc2 Qc5+ 45. Kd2
Qd4+ 46. Bd3 Qf2+ 47. Kc3 Qe1+ 48. Kc2 Qf2+ 49. Kb3 Qb6+ 50. Kc3 Qf6+ 51. Kd2
Qf2+ 52. Kd1 Qg1+ 53. Kd2 Qf2+ 54. Be2 Qd4+ 55. Kc2 Qc5+ 56. Qc4 Qxc4+ 57. Bxc4
Kc7 58. Be2 Kd6 59. Kd3 Kc5 60. Kc3 a5 61. Kb3 Kd4 62. Ka4 Ke3 63. Bh5 b6 64.
Kb5 Kd2 65. Kxb6 Kc2 66. Kxa5 Kxb2 67. Kb4 Kc2 1/2-1/2

[Event "XXXII Festival A"]
[Site "Arco ITA"]
[Date "2010.10.19"]
[Round "4"]
[White "Sigillo, Carmelo"]
[Black "Sigmund, Ingenuin"]
[Result "1-0"]
[WhiteElo "1807"]
[BlackElo "1801"]
[PlyCount "73"]
[EventDate "2010.10.16"]

1. e4 e6 2. d3 c5 3. g3 Nc6 4. Bg2 g6 5. Nf3 Bg7 6. O-O Nge7 7. c3 O-O 8. Nh4
d6 9. f4 f5 10. Nf3 Rb8 11. a4 Qc7 12. Na3 a6 13. Nc2 Bd7 14. Re1 h6 15. d4
fxe4 16. Rxe4 d5 17. Re1 c4 18. Ne3 b5 19. axb5 axb5 20. Ne5 Nxe5 21. fxe5 Qb6
22. Bd2 Nc6 23. Qg4 Kh7 24. Nxd5 exd5 25. Qxd7 Rbd8 26. Qh3 Rf5 27. Be3 Ne7 28.
g4 Rff8 29. Rf1 Qe6 30. g5 Qxh3 31. Bxh3 Rxf1+ 32. Rxf1 Rf8 33. gxh6 Rxf1+ 34.
Kxf1 Bxh6 35. Bxh6 Kxh6 36. Bd7 b4 37. cxb4 1-0

[Event "XXXII Festival A"]
[Site "Arco ITA"]
[Date "2010.10.19"]
[Round "4"]
[White "Straubinger, Daniel"]
[Black "Astengo, Marcello"]
[Result "1/2-1/2"]
[WhiteElo "2235"]
[BlackElo "2064"]
[PlyCount "108"]
[EventDate "2010.10.16"]

1. e4 e6 2. d4 d5 3. Nd2 Nf6 4. e5 Ng8 5. Bd3 c5 6. c3 Nc6 7. Ne2 Bd7 8. O-O
Nge7 9. Nf3 Ng6 10. Be3 cxd4 11. cxd4 Be7 12. Rc1 O-O 13. Nc3 Rc8 14. Nd2 Ngxe5
15. dxe5 d4 16. Bxd4 Nxd4 17. Qh5 Nf5 18. Nc4 b5 19. Ne3 g6 20. Qh3 b4 21. Ne4
Bc6 22. b3 Bxe4 23. Rxc8 Qxc8 24. Bxe4 Qc3 25. Bxf5 exf5 26. Qg3 Re8 27. Nxf5
Bc5 28. Nh6+ Kg7 29. Nf5+ Kg8 30. e6 Rxe6 31. Qb8+ Bf8 32. Ne3 a5 33. Qa8 Re5
34. h3 Qc5 35. Rd1 Kg7 36. Rd8 h5 37. Rd5 Rxd5 38. Qxd5 Qxd5 39. Nxd5 Bc5 40.
Kf1 g5 41. Ke2 Kg6 42. g4 f5 43. f3 fxg4 44. fxg4 hxg4 45. hxg4 Kf7 46. Kd3 Ke6
47. Ke4 Bf2 48. Nc7+ Kd7 49. Nd5 Ke6 50. Nc7+ Kd7 51. Nb5 Kc6 52. Nd4+ Bxd4 53.
Kxd4 Kd6 54. Ke4 Ke6 1/2-1/2

[Event "XXXII Festival A"]
[Site "Arco ITA"]
[Date "2010.10.19"]
[Round "4"]
[White "Teodonio, Fabrizio"]
[Black "Helbig, Dieter"]
[Result "1-0"]
[WhiteElo "2002"]
[BlackElo "1872"]
[PlyCount "39"]
[EventDate "2010.10.16"]

1. e4 c5 2. c3 Nc6 3. d4 cxd4 4. cxd4 d5 5. exd5 Qxd5 6. Nf3 Nf6 7. Nc3 Qd8 8.
Bb5 Bd7 9. O-O a6 10. Ba4 b5 11. Bb3 e6 12. d5 exd5 13. Nxd5 Nxd5 14. Qxd5 Qf6
15. Re1+ Be7 16. Bg5 Qf5 17. Rxe7+ Nxe7 18. Qxa8+ Bc8 19. Re1 f6 20. Be6 1-0

[Event "XXXII Festival A"]
[Site "Arco ITA"]
[Date "2010.10.19"]
[Round "4"]
[White "Tovazzi, Maurizio"]
[Black "Casagrande, Fabio"]
[Result "0-1"]
[WhiteElo "1739"]
[BlackElo "2010"]
[PlyCount "62"]
[EventDate "2010.10.16"]

1. d4 Nf6 2. c4 e6 3. Nc3 Bb4 4. Bg5 h6 5. Bh4 c5 6. e3 Qa5 7. Qc2 Ne4 8. Nge2
cxd4 9. exd4 Qf5 10. Rc1 g5 11. Bg3 Nc6 12. a3 Bxc3+ 13. bxc3 b6 14. f3 Nxg3
15. Nxg3 Qxc2 16. Rxc2 Ba6 17. Kd2 Na5 18. Ne4 Ke7 19. c5 Bxf1 20. Rxf1 f5 21.
Nd6 bxc5 22. dxc5 Nb3+ 23. Kd1 Nxc5 24. Rd2 Rab8 25. Kc2 Rb3 26. Re1 Kf6 27.
Nc4 d5 28. Ne5 Rhb8 29. Nd3 Na4 30. Nb4 Rxc3+ 31. Kd1 Rxa3 0-1

[Event "XXXII Festival A"]
[Site "Arco ITA"]
[Date "2010.10.19"]
[Round "4"]
[White "Vaccari, Giorgio"]
[Black "Stolfa, Rodolfo"]
[Result "1-0"]
[WhiteElo "1613"]
[BlackElo "1876"]
[PlyCount "135"]
[EventDate "2010.10.16"]

1. e4 e5 2. Nf3 Nc6 3. Bc4 Bc5 4. Nc3 Nf6 5. O-O O-O 6. d3 a6 7. a3 d6 8. h3
Nd4 9. Nxd4 Bxd4 10. Ne2 Bb6 11. Be3 c6 12. Bxb6 Qxb6 13. Qd2 Be6 14. Ba2 Rad8
15. Qc3 Rfe8 16. Bxe6 Rxe6 17. Ng3 d5 18. Rfe1 Qd4 19. Qxd4 exd4 20. exd5 Rxd5
21. Kf1 c5 22. Rad1 Kf8 23. Rd2 Rxe1+ 24. Kxe1 Re5+ 25. Re2 Rxe2+ 26. Kxe2 g6
27. Kf3 b6 28. Ne4 Nd5 29. c4 dxc3 30. Nxc3 Nf6 31. Kf4 Ke7 32. Ke5 Ne8 33.
Nd5+ Kd7 34. Nxb6+ Kc7 35. Nc4 Kc6 36. b3 Nc7 37. Kf6 Nd5+ 38. Kxf7 Nf4 39. Kg7
Nxg2 40. Kxh7 Nf4 41. Ne5+ Kd5 42. Nxg6 Nxh3 43. f4 Kd4 44. f5 Kxd3 45. Ne5+
Ke4 46. Nd7 c4 47. bxc4 Kxf5 48. Nc5 Ke5 49. Nxa6 Kd4 50. c5 Kd5 51. Kg6 Nf4+
52. Kf5 Nd3 53. Nb4+ Kxc5 54. Nxd3+ Kd5 55. Nb2 Kd4 56. a4 Kd5 57. Kf4 Kd4 58.
Kf3 Kc5 59. Ke3 Kb4 60. Kd4 Ka5 61. Kc5 Ka6 62. Nc4 Kb7 63. Kb5 Ka7 64. Nd6 Ka8
65. Ne8 Kb8 66. Kb6 Ka8 67. a5 Kb8 68. a6 1-0

[Event "XXXII Festival A"]
[Site "Arco ITA"]
[Date "2010.10.19"]
[Round "4"]
[White "Varadi, Benedek"]
[Black "Wild, Helmut"]
[Result "1-0"]
[WhiteElo "1950"]
[BlackElo "1955"]
[PlyCount "73"]
[EventDate "2010.10.16"]

1. d4 d5 2. c4 c6 3. e3 e6 4. Nc3 Nf6 5. Nf3 a6 6. b3 Nbd7 7. Bb2 Be7 8. Bd3
O-O 9. O-O b5 10. Qe2 Re8 11. a3 Bd6 12. e4 e5 13. cxd5 cxd5 14. Qc2 exd4 15.
Nxd5 Bb7 16. Bxd4 Rc8 17. Qb1 Nxd5 18. exd5 Bxd5 19. Bxh7+ Kh8 20. Qf5 Bxf3 21.
Qh3 Bxg2 22. Kxg2 Ne5 23. Bf5+ Kg8 24. Bxc8 Qxc8 25. Qxc8 Rxc8 26. Bxe5 Bxe5
27. Rac1 Rxc1 28. Rxc1 Bb2 29. Rc6 Bxa3 30. Rxa6 b4 31. Rb6 g5 32. Rb5 f6 33.
Rb7 Kf8 34. Kf3 Ke8 35. Kg4 Kd8 36. Kf5 Kc8 37. Rb5 1-0

[Event "XXXII Festival A"]
[Site "Arco ITA"]
[Date "2010.10.19"]
[Round "4"]
[White "Varzi, Florian"]
[Black "Joerges, Frank"]
[Result "1/2-1/2"]
[WhiteElo "1570"]
[BlackElo "1955"]
[PlyCount "33"]
[EventDate "2010.10.16"]

1. d4 d5 2. c4 e6 3. Nc3 Nf6 4. cxd5 exd5 5. Bg5 Be7 6. e3 c6 7. Qc2 Nbd7 8.
Bd3 O-O 9. Nge2 Re8 10. O-O Nf8 11. f3 Ng6 12. e4 dxe4 13. fxe4 Bg4 14. e5 Bxe2
15. Nxe2 Nd5 16. Bxe7 Qxe7 17. Qb3 1/2-1/2

[Event "XXXII Festival A"]
[Site "Arco ITA"]
[Date "2010.10.19"]
[Round "4"]
[White "Weinberg, Emanuele"]
[Black "Wagner, Frank"]
[Result "1/2-1/2"]
[WhiteElo "1815"]
[BlackElo "1919"]
[PlyCount "52"]
[EventDate "2010.10.16"]

1. d4 Nf6 2. Nf3 g6 3. g3 Bg7 4. Bg2 O-O 5. O-O c6 6. c4 d5 7. b3 dxc4 8. bxc4
Nbd7 9. Bb2 Nb6 10. Nbd2 a5 11. c5 Nbd5 12. Nc4 Be6 13. Ng5 Nc7 14. Nxe6 Nxe6
15. Rb1 Nd5 16. e4 Ndc7 17. d5 Bxb2 18. dxe6 Bd4 19. Nb6 Nxe6 20. Nxa8 Qxa8 21.
Bh3 Bxc5 22. Bxe6 fxe6 23. Qd7 b6 24. Qxe6+ Kg7 25. Rbd1 Rf6 26. Qg4 Qf8
1/2-1/2

[Event "XXXII Festival A"]
[Site "Arco ITA"]
[Date "2010.10.19"]
[Round "4"]
[White "Wild, Katharina"]
[Black "Schuetzler, Bernd"]
[Result "1-0"]
[WhiteElo "1906"]
[BlackElo "1707"]
[PlyCount "63"]
[EventDate "2010.10.16"]

1. c4 Nf6 2. Nc3 e6 3. Nf3 Bb4 4. a3 Bxc3 5. bxc3 c6 6. d4 d5 7. e3 O-O 8. a4
a5 9. Ba3 Re8 10. c5 Nbd7 11. Rb1 b6 12. Be2 bxc5 13. dxc5 Ne4 14. Qc2 Ndxc5
15. Bxc5 Nxc5 16. c4 Ne4 17. Bd3 Nf6 18. Nd4 Bd7 19. O-O e5 20. Nb3 e4 21. Be2
Bg4 22. Bxg4 Nxg4 23. Nd4 Qd6 24. g3 h5 25. Rb6 Rec8 26. cxd5 Qxd5 27. Rxc6
Rxc6 28. Nxc6 Qe6 29. Rb1 Ra6 30. Nd4 Qe8 31. Qc7 Nf6 32. Rb8 1-0